00574 2200205 4500001002100000005001700021008004100038035002400079090001900103100002100122245005300143250001100196260003600207300001900243650005500262850001500317980001500332985000600347999001500353YOGYA-0209000000111020090227020418.0 ind  0010-020900000001110 a297.635bKay A aKayati, Yuni Nur aAnaku sayang ibumu ingin bicaracYuni Nur Kayati aCet. 2 aYogyakartabMitra Pustakac1999 a102 hlmc18 cm aOrangtua dan AnakxOrangtua dan Anak - Aspek Islam aYOPDYOG(B) a07-06-2005 a1 a2000B00799